书目信息 |
| 题名: |
建筑节能设计
|
|
| 作者: | 冷超群 , 李长城 , 曲梦露 主编 | |
| 分册: | ||
| 出版信息: | 北京 航空工业出版社 2016.1 |
|
| 页数: | 225页 | |
| 开本: | 26cm | |
| 丛书名: | ||
| 单 册: | ||
| 中图分类: | TU201.5 | |
| 科图分类: | ||
| 主题词: | 节能--建筑设计--教材 | |
| 电子资源: | ||
| ISBN: | 978-7-5165-0972-2 | |
| 000 | 00898nam0 2200265 450 | |
| 001 | 0400002925 | |
| 005 | 20171021160257.0 | |
| 010 | @a978-7-5165-0972-2@dCNY48.00 | |
| 100 | @a20160826d2016 em y0chiy50 ea | |
| 101 | 0 | @achi |
| 102 | @aCN@b110000 | |
| 105 | @aa z 000yy | |
| 106 | @ar | |
| 200 | 1 | @a建筑节能设计@9jian zhu jie neng she ji@f主编冷超群,李长城,曲梦露 |
| 210 | @a北京@c航空工业出版社@d2016.1 | |
| 215 | @a225页@c图@d26cm | |
| 300 | @a土木工程专业“十二五”规划教材 | |
| 330 | @a本书共分8章,内容包括概述、建筑规划设计中的节能技术、建筑节能设计原理、单体建筑围护结构的节能设计、供热采暖与空调节能设计等内容。 | |
| 606 | 0 | @a节能@x建筑设计@j教材 |
| 690 | @aTU201.5@v5 | |
| 701 | 0 | @a冷超群@9leng chao qun@4主编 |
| 701 | 0 | @a李长城@9li chang cheng@4主编 |
| 701 | 0 | @a曲梦露@9qu meng lu@4主编 |
| 801 | 0 | @aCN@b91MARC@c20171021 |
| 905 | @b1032960-4@dTU201.5@f5@e1159 | |
| 建筑节能设计/主编冷超群,李长城,曲梦露.-北京:航空工业出版社,2016.1 |
| 225页:图;26cm |
| 土木工程专业“十二五”规划教材 |
| ISBN 978-7-5165-0972-2:CNY48.00 |
| 本书共分8章,内容包括概述、建筑规划设计中的节能技术、建筑节能设计原理、单体建筑围护结构的节能设计、供热采暖与空调节能设计等内容。 |
| ● |
| 相关链接 |
|
|
|
|
正题名:建筑节能设计
索取号:TU201.5/1159
 
预约/预借
| 序号 | 登录号 | 条形码 | 馆藏地/架位号 | 状态 | 备注 |
| 1 | 1032960 | 210329606 | 第二样本阅览室/ [索取号:TU201.5/1159] | 在馆 | |
| 2 | 1032961 | 210329615 | 密集书库-生命科学系/ [索取号:TU201.5/1159] | 在馆 | |
| 3 | 1032962 | 210329624 | 第三借阅区/ [索取号:TU201.5/1159] | 在馆 | |
| 4 | 1032963 | 210329633 | 第三借阅区/ [索取号:TU201.5/1159] | 在馆 | |
| 5 | 1032964 | 210329642 | 第三借阅区/ [索取号:TU201.5/1159] | 在馆 |